NPB 日本プロ野球 2位の個人記録 - Statistics

General Stats
  • This quiz has been taken 228 times
  • The average score is 47 of 86
Answer Stats
記録名 2位記録 名前 参考記録(1位記録保持者) % Correct
試合 3017 野村克也 3021(谷繁元信)
92%
安打 2901 野村克也 3085(張本勲)
92%
本塁打 657 野村克也 868(王貞治)
92%
塁打 5315 野村克也 5862(王貞治)
92%
打点 1988 野村克也 2170(王貞治)
92%
最多本塁打者 9回 野村克也 15回(王貞治)
92%
最多打点者 7回 野村克也 13回(王貞治)
92%
三冠王 2回 王貞治、バース 3回(落合博満)
92%
併殺打 31 野村克也 34(ブーマー)
92%
打席 11866 王貞治 11970(野村克也)
89%
ベストナイン 18回 王貞治 19回(野村克也)
89%
四球 142 王貞治 158(王貞治)
89%
ノーヒットノーラン 2回 山本由伸など8名 3回(沢村栄治、外木場義郎)
87%
打率 .387 イチロー .389(バース)
86%
最高勝率 3回 山本由伸など9名 4回(山田久志、工藤公康)
82%
MVP 5回 長嶋茂雄 6回(王貞治)
81%
首位打者 6回 長嶋茂雄 7回(張本勲、イチロー)
81%
最優秀中継ぎ 2回 清水昇など10名 3回(岩瀬仁紀、山口鉄也、宮西尚生)
81%
沢村賞 2回 菅野智之など10名 3回(山本由伸など5名)
80%
本塁打 56 村上宗隆 60(バレンティン)
79%
完封 82 金田正一 83(スタルヒン)
73%
被安打 4120 金田正一 4561(米田哲也)
73%
被本塁打 42 金田留広 48(池谷公二郎)
72%
得点 1656 福本豊 1967(王貞治)
71%
二塁打 449 福本豊 487(立浪和義)
71%
三振 1955 清原和博 2066(中村剛也)
71%
最優秀防御率 4回 工藤公康、菅野智之、山本由伸 5回(稲尾和久)
71%
盗塁 95 福本豊 106(福本豊)
71%
打数 9666 張本勲 10472(野村克也)
69%
最高出塁者 9回 張本勲 12回(王貞治)
69%
四球 1475 落合博満 2390(王貞治)
67%
安打 214 マートン 216(秋山翔吾)
67%
出塁率 .4806 落合博満 .487(落合博満)
67%
得点 137 ローズ 143(小鶴誠)
64%
打点 153 ローズ 161(小鶴誠)
64%
長打率 .777 バース .779(バレンティン)
60%
セーブ 46 岩瀬仁紀 54(サファテ)
60%
完投 350 スタルヒン 365(金田正一)
58%
打席 689 赤星憲広 692(西岡剛)
58%
盗塁 596 広瀬叔功 1065(福本豊)
57%
登板 949 米田哲也 1002(岩瀬仁紀)
55%
勝利 350 米田哲也 400(金田正一)
55%
敗北 285 米田哲也 298(金田正一)
55%
投球回 5130 米田哲也 5526.2(金田正一)
55%
奪三振 3888 米田哲也 4490(金田正一)
55%
ゴールデンまたはダイヤモンドグラブ 11回 伊東勤、秋山幸二 12回(福本豊)
54%
完封 16 須田博 19(野口二郎、藤本英雄)
54%
奪三振 353 稲尾和久 401(江夏豊)
53%
最多奪三振 8回 鈴木啓示 10回(金田正一)
50%
犠打 66 川相昌弘 67(宮本慎也)
49%
三振 198 ブライアント 204(ブライアント)
49%
ホールド 47 浅尾拓也 50(清水昇)
49%
最多勝利 5回 斎藤雅樹 6回(スタルヒン)
48%
勝率 .941 斉藤和巳 1.000(田中将大など4名)
48%
被本塁打 490 山田久志 560(鈴木啓示)
47%
セーブ 286 高津臣吾 407(岩瀬仁紀)
45%
最多セーブ 4回 高津臣吾 5回(岩瀬仁紀など4名)
45%
ホールド 273 山口鉄也 393(宮西尚生)
44%
サイクルヒット 2回 藤村富美男、松永浩美、福留孝介 3回(ローズ)
40%
併殺打 267 衣笠祥雄 378(野村克也)
34%
登板 81 平井克典 90(久保田智之)
34%
盗塁死 206 髙橋慶彦 299(福本豊)
33%
防御率(2000投球回以上) 1.96 野口二郎 1.90(藤本英雄)
33%
盗塁死 28 高橋慶彦 29(河野旭輝)
33%
勝利 40 野口二郎 42(スタルヒン、稲尾和久)
33%
投球回 527.1 野口二郎 541.1(林安夫)
33%
長打率(4000打数以上) .592 カブレラ .634(王貞治)
32%
塁打 366 藤村富美男 376(小鶴誠)
31%
犠飛 13 中田翔 15(大杉勝男)
31%
最多安打者 6回 川上哲治 10回(長嶋茂雄)
28%
暴投 115 石井一久 148(村田兆治)
27%
完投 44 林安夫 47(別所昭)
27%
暴投 20 石井一久 25(新垣渚)
27%
打数 623 荒木雅博 626(広瀬叔功)
26%
犠打 451 平野謙 533(川相昌弘)
24%
最多盗塁者 6回 柴田勲 13回(福本豊)
24%
打率(4000打数以上) .31918 若松勉 .320(リー)
23%
二塁打 50 福浦和也 52(谷佳知)
20%
三塁打 106 毒島章一 115(福本豊)
18%
犠飛 105 加藤英司 113(野村克也)
15%
防御率 0.79 景浦將 0.73(藤本英雄)
14%
死球 166 竹之内雅史 196(清原和博)
12%
死球 24 岩本義行 28(ラロッカ)
4%
三塁打 16 レインズ 18(金田正泰)
2%
敗北 28 福士勇 29(中山正嘉)
2%
被安打 414 白木義一郎 422(真田重蔵)
2%
No matching quizzes found
Score Distribution
Percent of People with Each Score
Percentile by Number Answered
Your Score History
You have not taken this quiz